[Event "8eme Open International de La Fere"]
[Site "La Fere (FRA)"]
[Date "2009.07.06"]
[Round "3.26"]
[White "Nepveu, Manuel"]
[Black "Eggink, Gerhard"]
[Result "1-0"]
[WhiteElo "2015"]
[BlackElo "1979"]
[PlyCount "93"]
[EventDate "2009.??.??"]

1. Nf3 d5 2. d4 Nf6 3. c4 e6 4. g3 b6 5. Bg2 Bb7 6. Ne5 Be7 7. O-O O-O 8. Nc3
Nbd7 9. cxd5 Nxd5 10. Nxd5 exd5 11. Bf4 Nxe5 12. Bxe5 Bd6 13. Bxd6 Qxd6 14. Qd2
Rfe8 15. Rfd1 Re7 16. Rac1 h6 17. Rc2 Rd8 18. Rdc1 c6 19. Qd3 Rde8 20. e3 g6
21. Qb3 Ba8 22. Qa4 Rc7 23. b4 b5 24. Qb3 Rd8 25. Rc5 Re7 26. Qa3 Qd7 27. Qa6
Bb7 28. Qa5 Kg7 29. R1c2 Ba8 30. Qa6 Bb7 31. Qa5 Kh7 32. Qa3 Kg7 33. R2c3 Qd6
34. Qc1 Re6 35. Ra3 Ra8 36. Ra5 Rf6 37. Qa3 a6 38. Qc3 Qe6 39. Qc2 Qf5 40. e4
Qg4 41. h3 Qg5 42. Kh2 Rd6 43. exd5 cxd5 44. Rc7 Rb8 45. Ra3 Qf6 46. Rf3 Qe6
47. Rfxf7+ 1-0

[Event "8eme Open International de La Fere"]
[Site "La Fere (FRA)"]
[Date "2009.07.06"]
[Round "3.27"]
[White "Rouffignac, Marie"]
[Black "Neumair, Jerome"]
[Result "0-1"]
[WhiteElo "1410"]
[BlackElo "2007"]
[PlyCount "92"]
[EventDate "2009.??.??"]

1. e4 e6 2. d4 d5 3. exd5 exd5 4. Nf3 Bd6 5. Nc3 Ne7 6. Be3 c6 7. Qd2 O-O 8.
Bd3 Bf5 9. O-O Nd7 10. Rfe1 Bxd3 11. Qxd3 Qc7 12. Bf4 Bxf4 13. Rxe7 Bd6 14. Re2
b5 15. Rae1 a5 16. Ne5 Bxe5 17. dxe5 Nc5 18. Qd4 Ne6 19. Qg4 b4 20. Nd1 c5 21.
Qg3 c4 22. Ne3 Qc5 23. Ng4 Kh8 24. h4 a4 25. h5 h6 26. Kh1 Ra5 27. Qf3 Nd4 28.
Qe3 Nxe2 29. Qxe2 Ra6 30. Qd2 Rd8 31. Re3 d4 32. Rf3 Qe7 33. Rf4 Qg5 34. Nh2 c3
35. bxc3 dxc3 36. Qe3 Rd1+ 37. Nf1 Rxf1+ 38. Kh2 Qxh5+ 39. Qh3 Qxh3+ 40. Kxh3
Rg6 41. g3 b3 42. axb3 axb3 43. cxb3 c2 44. Rc4 c1=Q 45. Rxc1 Rxc1 46. f4 f5
0-1

[Event "8eme Open International de La Fere"]
[Site "La Fere (FRA)"]
[Date "2009.07.06"]
[Round "3.28"]
[White "Feryn, Alexandre"]
[Black "Van Poucke, Anthony"]
[Result "1-0"]
[WhiteElo "1994"]
[BlackElo "1400"]
[PlyCount "35"]
[EventDate "2009.??.??"]

1. e4 e5 2. Nf3 Nc6 3. Bb5 a6 4. Bxc6 dxc6 5. O-O Bd6 6. d4 exd4 7. Qxd4 Be6 8.
Qxg7 f6 9. Qxh8 Qe7 10. e5 fxe5 11. Bg5 Qf7 12. Nbd2 Be7 13. Qxe5 O-O-O 14.
Bxe7 Qxe7 15. Rfe1 Re8 16. Ng5 Bd7 17. Qxe7 Nxe7 18. Nxh7 1-0

[Event "8eme Open International de La Fere"]
[Site "La Fere (FRA)"]
[Date "2009.07.06"]
[Round "3.29"]
[White "Deneuville, Ludovic"]
[Black "Honorable, Nicolas"]
[Result "1-0"]
[WhiteElo "1984"]
[BlackElo "1220"]
[PlyCount "91"]
[EventDate "2009.??.??"]

1. e4 e5 2. Nf3 Nc6 3. Bb5 Nf6 4. O-O Nxe4 5. Re1 Nf6 6. Nxe5 Ne7 7. d4 g6 8.
Bg5 Bg7 9. Qf3 O-O 10. Bxf6 Bxf6 11. Qxf6 Nf5 12. Qxd8 Rxd8 13. c3 d6 14. Nf3
c6 15. Bc4 d5 16. Bd3 Nd6 17. Nbd2 Bf5 18. Bxf5 Nxf5 19. g4 Nd6 20. Re3 Re8 21.
Rae1 Rxe3 22. Rxe3 Re8 23. Rxe8+ Nxe8 24. Ne5 Nd6 25. f3 f6 26. Nd7 Kf7 27. Nc5
b6 28. Nd3 Nb7 29. Nf1 g5 30. Ne3 Ke6 31. Nf5 c5 32. Kf2 cxd4 33. Nxd4+ Kd7 34.
Nb4 Kd6 35. Nb5+ Ke6 36. Nxa7 Nc5 37. Nc8 Nd7 38. Ke3 Ke5 39. Ne7 Nc5 40. Nexd5
f5 41. gxf5 Kxf5 42. Nxb6 h5 43. Nc6 g4 44. Nd4+ Kg5 45. b4 gxf3 46. Nxf3+ 1-0

[Event "8eme Open International de La Fere"]
[Site "La Fere (FRA)"]
[Date "2009.07.06"]
[Round "3.30"]
[White "Adelise, Theo"]
[Black "Tillet, Louis-Juan"]
[Result "0-1"]
[WhiteElo "1735"]
[BlackElo "2190"]
[PlyCount "42"]
[EventDate "2009.??.??"]

1. e4 e6 2. d4 d5 3. Nd2 Nf6 4. e5 Nfd7 5. f4 c5 6. c3 Nc6 7. Ndf3 Qb6 8. Ne2
f6 9. a3 Be7 10. g3 cxd4 11. cxd4 O-O 12. Bh3 fxe5 13. Bxe6+ Kh8 14. Bxd7 Bxd7
15. Nxe5 Bf5 16. Nxc6 bxc6 17. b4 Rae8 18. O-O Bf6 19. Bb2 Bg4 20. Re1 Re4 21.
Qd2 Rfe8 0-1

[Event "8eme Open International de La Fere"]
[Site "La Fere (FRA)"]
[Date "2009.07.06"]
[Round "3.31"]
[White "Gozzoli, Cyrille"]
[Black "Eeckhout, Jean-Louis"]
[Result "1-0"]
[WhiteElo "2125"]
[BlackElo "1723"]
[PlyCount "65"]
[EventDate "2009.??.??"]

1. d4 d5 2. Nf3 Nf6 3. Bf4 Bf5 4. e3 c6 5. c3 Qb6 6. Qb3 Nbd7 7. Nbd2 e6 8. h3
Be7 9. Be2 O-O 10. Nh4 Qxb3 11. axb3 Bg6 12. Nxg6 hxg6 13. b4 a6 14. O-O Nh5
15. Bh2 f5 16. Nb3 Rfc8 17. Na5 Ra7 18. Nxb7 Rxb7 19. Bxa6 Rbc7 20. Bxc8 Rxc8
21. Ra7 Nhf6 22. Rfa1 Kf7 23. R1a6 Bd8 24. Bd6 Ke8 25. f3 Ng8 26. Kf2 g5 27.
Rb7 Ngf6 28. b3 g6 29. c4 g4 30. hxg4 fxg4 31. c5 gxf3 32. gxf3 g5 33. b5 1-0

[Event "8eme Open International de La Fere"]
[Site "La Fere (FRA)"]
[Date "2009.07.06"]
[Round "3.32"]
[White "Daces, Philippe"]
[Black "Tivol, Thierry"]
[Result "1-0"]
[WhiteElo "2023"]
[BlackElo "1720"]
[PlyCount "123"]
[EventDate "2009.??.??"]

1. d4 c6 2. c4 d5 3. Nf3 e6 4. Qc2 Nf6 5. Bg5 Nbd7 6. e3 Be7 7. Nc3 dxc4 8.
Bxc4 Nb6 9. Bd3 h6 10. Bh4 Nfd5 11. Bxe7 Qxe7 12. a3 Nd7 13. Rc1 N5f6 14. O-O
O-O 15. Bc4 b6 16. Ba2 Bb7 17. Bb1 c5 18. Ne5 cxd4 19. exd4 Rac8 20. Rfe1 Rc7
21. Rcd1 Rfc8 22. Qd2 Bd5 23. Nb5 Rb7 24. Rc1 Rxc1 25. Rxc1 Qd8 26. Nd6 Rb8 27.
Ndxf7 Qf8 28. Rc7 Rb7 29. Qc3 Nxe5 30. Nxe5 Rxc7 31. Qxc7 Be4 32. Bxe4 Nxe4 33.
f3 Nd2 34. Qc2 Qf4 35. Qc8+ Kh7 36. Qc2+ Kg8 37. Qc8+ Kh7 38. Qh8+ Kxh8 39.
Ng6+ Kg8 40. Nxf4 Nc4 41. Nd3 Kf7 42. Kf2 Ke7 43. a4 Kd6 44. b3 Nd2 45. Nc1 Kd5
46. Ke2 Nb1 47. Kd3 b5 48. axb5 Nc3 49. Ne2 Nxb5 50. Nc3+ Kc6 51. Nxb5 Kxb5 52.
Kc3 h5 53. h4 Kc6 54. Kc4 a5 55. g3 Kb6 56. g4 Kc6 57. g5 Kb6 58. f4 Kc6 59. g6
Kb6 60. d5 exd5+ 61. Kxd5 Kb5 62. f5 1-0

[Event "8eme Open International de La Fere"]
[Site "La Fere (FRA)"]
[Date "2009.07.06"]
[Round "3.33"]
[White "Siauve, Julien"]
[Black "Mestdagh, Franck"]
[Result "1/2-1/2"]
[WhiteElo "1678"]
[BlackElo "1937"]
[PlyCount "89"]
[EventDate "2009.??.??"]

1. e4 c5 2. Nc3 e6 3. g3 Nf6 4. Bg2 d5 5. exd5 exd5 6. d3 d4 7. Ne4 Nxe4 8.
Bxe4 Nd7 9. Ne2 Nf6 10. Bg2 Bd6 11. O-O O-O 12. h3 Rb8 13. Nf4 b6 14. Nh5 h6
15. Re1 Bb7 16. Bd2 Bxg2 17. Kxg2 Bc7 18. Nxf6+ Qxf6 19. Qf3 Qg6 20. Re4 f5 21.
Re7 Bd6 22. Qd5+ Kh8 23. Re6 Rf6 24. Rae1 Rd8 25. Rxf6 Qxf6 26. Re6 Qf8 27. Qc6
f4 28. g4 Bb8 29. Kf3 Qf7 30. b3 Rf8 31. Qe4 Kg8 32. c3 Qd7 33. c4 Qd8 34. Re7
Kh8 35. Qb7 Rg8 36. Rf7 Qh4 37. Kg2 Qg5 38. Qf3 Qg6 39. Rf5 Qe6 40. Bxf4 g6 41.
Rd5 Rf8 42. Be5+ Kg8 43. Qe4 Kf7 44. f4 Bxe5 45. Rxe5 1/2-1/2

[Event "8eme Open International de La Fere"]
[Site "La Fere (FRA)"]
[Date "2009.07.06"]
[Round "3.34"]
[White "Hoelting, Siegfried"]
[Black "Roux, Jean-Francois"]
[Result "1-0"]
[WhiteElo "1920"]
[BlackElo "1659"]
[PlyCount "107"]
[EventDate "2009.??.??"]

1. e4 c5 2. Nf3 d6 3. d4 cxd4 4. Nxd4 Nf6 5. Nc3 g6 6. Be3 Bg7 7. Be2 O-O 8.
O-O Nc6 9. Nb3 Be6 10. Kh1 a6 11. f4 b5 12. Bf3 Rc8 13. Nd5 Bxd5 14. exd5 Na5
15. Nd4 Nc4 16. Bc1 Re8 17. c3 Qb6 18. Re1 b4 19. Nc6 Rc7 20. Nxb4 Nd7 21. Rb1
Nc5 22. Qc2 f5 23. Nd3 Nd7 24. Bd2 Nxd2 25. Qxd2 Kf8 26. Rbc1 a5 27. a3 Nc5 28.
Nxc5 Rxc5 29. b4 Rc7 30. c4 axb4 31. axb4 Rb8 32. b5 Rbc8 33. Qd3 Bb2 34. Rc2
Bd4 35. h4 Bf2 36. Rf1 Bxh4 37. g4 fxg4 38. Bxg4 Ra8 39. Rh2 Bf6 40. Rxh7 e5
41. Rxc7 Qxc7 42. fxe5 Qh7+ 43. Qh3 Qxh3+ 44. Bxh3 dxe5 45. Rxf6+ Kg7 46. Re6
Ra4 47. Bf1 Ra1 48. Kg2 Re1 49. Kf2 Re4 50. c5 Rf4+ 51. Ke1 Re4+ 52. Be2 Kf7
53. c6 Rb4 54. c7 1-0

[Event "8eme Open International de La Fere"]
[Site "La Fere (FRA)"]
[Date "2009.07.06"]
[Round "3.35"]
[White "Molet, Asher"]
[Black "Herman, Jose"]
[Result "1-0"]
[WhiteElo "1900"]
[BlackElo "1620"]
[PlyCount "73"]
[EventDate "2009.??.??"]

1. d4 d5 2. Nf3 Nc6 3. Bf4 e6 4. e3 Nf6 5. Nbd2 Bd6 6. Bd3 Bxf4 7. exf4 Qd6 8.
g3 Qb4 9. O-O Nxd4 10. Nb3 Nxf3+ 11. Qxf3 O-O 12. c3 Qd6 13. Rad1 Rb8 14. Rfe1
b6 15. Qe2 c5 16. Nd2 Qc6 17. Nf3 c4 18. Bb1 Qc5 19. Qc2 Ne4 20. Nd4 g6 21. f3
Nd6 22. Qf2 Nf5 23. g4 Nxd4 24. Rxd4 Bd7 25. Kg2 Rfe8 26. g5 Re7 27. Qg3 Rbe8
28. h4 Qc7 29. Re5 Bc6 30. h5 Rb8 31. Qh4 Ree8 32. Rd1 Kg7 33. hxg6 fxg6 34.
Rh1 Rh8 35. Rxe6 Ba8 36. Qh6+ Kg8 37. Rxg6+ 1-0

[Event "8eme Open International de La Fere"]
[Site "La Fere (FRA)"]
[Date "2009.07.06"]
[Round "3.36"]
[White "Fauchart, Francois"]
[Black "Pavillon, Guillaume"]
[Result "1/2-1/2"]
[WhiteElo "1653"]
[BlackElo "1843"]
[PlyCount "128"]
[EventDate "2009.??.??"]

1. d4 d5 2. Nf3 Nf6 3. Bf4 e6 4. h3 c5 5. c3 Nc6 6. e3 Bd6 7. Ne5 O-O 8. Nd2
Qe7 9. Bd3 cxd4 10. exd4 Nd7 11. Ndf3 f6 12. Nxc6 bxc6 13. Bxd6 Qxd6 14. O-O e5
15. dxe5 fxe5 16. Re1 Qf6 17. Nh2 Qxf2+ 18. Kh1 e4 19. Be2 Qb6 20. b4 Nf6 21.
Rf1 Ba6 22. Bxa6 Qxa6 23. Qd4 Rae8 24. Rfe1 Nh5 25. Ng4 Nf4 26. a4 Nd3 27. b5
Qb6 28. Re3 Qxd4 29. cxd4 cxb5 30. axb5 Rb8 31. Rxa7 Rxb5 32. Rg3 h5 33. Nh6+
Kh7 34. Raxg7+ Kh8 35. Nf7+ Rxf7 36. Rxf7 h4 37. Rg4 e3 38. Rxh4+ Kg8 39. Re7
Nf2+ 40. Kh2 Rb3 41. Rhh7 Ne4 42. Reg7+ Kf8 43. Ra7 Kg8 44. Rhd7 Rb8 45. Rg7+
Kh8 46. Rh7+ Kg8 47. Rag7+ Kf8 48. Rh8+ Kxg7 49. Rxb8 Nc3 50. Kg1 Kf6 51. Kf1
Kf5 52. Re8 Ne4 53. Ke2 Kf4 54. Rf8+ Kg3 55. Kxe3 Kxg2 56. h4 Kh3 57. Rf3+ Kxh4
58. Rf4+ Kg5 59. Rxe4 dxe4 60. Kxe4 Kf6 61. d5 Kf7 62. Ke5 Ke7 63. d6+ Kd7 64.
Kd5 Kd8 1/2-1/2

[Event "8eme Open International de La Fere"]
[Site "La Fere (FRA)"]
[Date "2009.07.06"]
[Round "3.37"]
[White "Daniel, Antoine"]
[Black "Turlin, Simon"]
[Result "1-0"]
[WhiteElo "1835"]
[BlackElo "1610"]
[PlyCount "67"]
[EventDate "2009.??.??"]

1. e4 e6 2. d4 d5 3. exd5 exd5 4. Bd3 Nf6 5. Nf3 Bd6 6. O-O O-O 7. Re1 Be6 8.
c3 Nbd7 9. Bg5 Re8 10. Qc2 c6 11. Bxh7+ Kh8 12. Bd3 Qc7 13. h3 Rg8 14. Nbd2 g6
15. Ne5 Kh7 16. Ndf3 Rg7 17. Bxf6 Nxf6 18. Ng5+ Kg8 19. Nxe6 fxe6 20. Bxg6 Nd7
21. Nxd7 Qxd7 22. h4 Rf8 23. h5 Rf6 24. Re3 b6 25. Rae1 c5 26. b3 cxd4 27. cxd4
Qc7 28. Qxc7 Rxc7 29. g3 Re7 30. Kg2 Kg7 31. f4 Bb4 32. R1e2 Ba3 33. f5 Bb4 34.
g4 1-0

[Event "8eme Open International de La Fere"]
[Site "La Fere (FRA)"]
[Date "2009.07.06"]
[Round "3.38"]
[White "Pruvost, Alain"]
[Black "Casier, Fabrice"]
[Result "1/2-1/2"]
[WhiteElo "1602"]
[BlackElo "1820"]
[PlyCount "96"]
[EventDate "2009.??.??"]

1. b4 d5 2. c4 e6 3. Bb2 Nf6 4. b5 Be7 5. e3 O-O 6. Nf3 c6 7. a4 cxb5 8. axb5
b6 9. cxd5 Nxd5 10. Be2 Bb7 11. O-O Nd7 12. d4 N7f6 13. Ba3 Bxa3 14. Rxa3 Qe7
15. Qb3 Rfc8 16. Bc4 Ne4 17. Nbd2 Nd6 18. Rfa1 Nxc4 19. Nxc4 a5 20. e4 Nb4 21.
Nxb6 Nc2 22. Nxc8 Rxc8 23. Rxa5 Nxa1 24. Rxa1 Bxe4 25. b6 Bb7 26. h3 Qd6 27.
Rb1 h6 28. Qb2 Qd5 29. Rc1 Rxc1+ 30. Qxc1 Kf8 31. Qc5+ Ke8 32. Qxd5 Bxd5 33.
Ne5 f6 34. Nd3 Kd7 35. Nc5+ Kc6 36. b7 Kc7 37. f4 g5 38. g3 Bxb7 39. Nxe6+ Kd6
40. f5 Bc8 41. Kf2 Bxe6 42. fxe6 Kxe6 43. g4 f5 44. gxf5+ Kxf5 45. Ke3 h5 46.
Kf3 g4+ 47. hxg4+ hxg4+ 48. Kg3 Ke4 1/2-1/2

[Event "8eme Open International de La Fere"]
[Site "La Fere (FRA)"]
[Date "2009.07.06"]
[Round "3.40"]
[White "Lever, Erwan"]
[Black "Dumas, Victor"]
[Result "1/2-1/2"]
[WhiteElo "1601"]
[BlackElo "1806"]
[PlyCount "122"]
[EventDate "2009.??.??"]

1. d4 d5 2. Nf3 e6 3. Bf4 Bd6 4. Bg3 Nf6 5. e3 c5 6. c4 cxd4 7. Nxd4 O-O 8.
Bxd6 Qxd6 9. Nc3 a6 10. Bd3 dxc4 11. Bxc4 b5 12. Qf3 Ra7 13. Bxb5 Bb7 14. Qh3
Qb4 15. O-O axb5 16. Ncxb5 Ra5 17. a3 Qe7 18. Rac1 Bc6 19. Rxc6 Rxb5 20. Rxe6
fxe6 21. Nxb5 Kh8 22. b4 Nbd7 23. Qg3 Rb8 24. Qd6 Qxd6 25. Nxd6 Kg8 26. b5 Kf8
27. a4 Ke7 28. Nc4 Nd5 29. Na5 Ra8 30. Nc6+ Ke8 31. a5 Ne7 32. Nxe7 Kxe7 33. a6
Nb6 34. Rc1 Rc8 35. Rb1 Kd6 36. Kf1 Kc5 37. Ke2 Rd8 38. f4 Nc4 39. h3 Kb6 40.
g4 Na3 41. Rb3 Nxb5 42. Rd3 Rxd3 43. Kxd3 Kxa6 44. Ke4 Kb6 45. Ke5 Nc7 46. Kd6
Kb7 47. Ke7 Kc6 48. e4 g6 49. Kf6 Kd6 50. Kg7 Ke7 51. Kxh7 Kf7 52. Kh6 Na6 53.
Kg5 Nc5 54. e5 Ne4+ 55. Kh4 Kg7 56. g5 Nc5 57. Kg4 Nd7 58. h4 Nc5 59. h5 gxh5+
60. Kxh5 Nd7 61. g6 Nf8 1/2-1/2

[Event "8eme Open International de La Fere"]
[Site "La Fere (FRA)"]
[Date "2009.07.06"]
[Round "3.41"]
[White "Rigolot, Lucie"]
[Black "Barbry, Quentin"]
[Result "1-0"]
[WhiteElo "1806"]
[BlackElo "1564"]
[PlyCount "99"]
[EventDate "2009.??.??"]

1. e4 e5 2. Nf3 Nc6 3. Bb5 Bc5 4. d3 d6 5. c3 Bd7 6. O-O Nge7 7. Re1 O-O 8.
Nbd2 Kh8 9. Ba4 Ng6 10. Nf1 f5 11. exf5 Bxf5 12. h3 Nh4 13. N1h2 Qf6 14. Be3
Bb6 15. Kh1 Nxf3 16. Nxf3 Bxh3 17. gxh3 Qxf3+ 18. Qxf3 Rxf3 19. Kg2 Raf8 20.
Bd1 R3f6 21. f3 Bxe3 22. Rxe3 Rg6+ 23. Kh2 Rf5 24. Bc2 Rfg5 25. Re2 Rf6 26. Rf1
Kg8 27. Re4 Rf4 28. Re3 Kf8 29. b4 h6 30. Rfe1 Kf7 31. b5 Ne7 32. d4 Nd5 33.
Bb3 c6 34. bxc6 bxc6 35. dxe5 dxe5 36. Rd3 Ke6 37. c4 Nb4 38. c5+ Ke7 39. Rde3
Kf6 40. Rd1 Nd5 41. Bxd5 cxd5 42. Rxd5 Rc4 43. Re2 Ke6 44. Red2 Kf5 45. Re2 Kf4
46. Re4+ Rxe4 47. fxe4 Kxe4 48. c6 Rg6 49. Rc5 Rxc6 50. Rxc6 1-0

[Event "8eme Open International de La Fere"]
[Site "La Fere (FRA)"]
[Date "2009.07.06"]
[Round "3.43"]
[White "Remy, Camille"]
[Black "Wolfangel, Claude"]
[Result "0-1"]
[WhiteElo "1500"]
[BlackElo "1757"]
[PlyCount "50"]
[EventDate "2009.??.??"]

1. e4 d5 2. f3 e5 3. d3 dxe4 4. fxe4 Bc5 5. Nf3 Bg4 6. Be2 Nc6 7. Nc3 a6 8. h3
Bxf3 9. Bxf3 Qh4+ 10. Kd2 Qf2+ 11. Ne2 Nd4 12. Rf1 Nxf3+ 13. gxf3 Qh4 14. Rh1
O-O-O 15. b3 Qg5+ 16. Ke1 Qg2 17. Kd2 f5 18. Rf1 fxe4 19. fxe4 Qxe4 20. Ke1
Qh4+ 21. Kd2 Nf6 22. Bb2 Ne4+ 23. Kc1 Be3+ 24. Qd2 Nxd2 25. Bc3 Nxf1+ 0-1

[Event "8eme Open International de La Fere"]
[Site "La Fere (FRA)"]
[Date "2009.07.06"]
[Round "3.45"]
[White "Vernede, Victor"]
[Black "Hutin, Evgueny"]
[Result "1/2-1/2"]
[WhiteElo "1720"]
[BlackElo "1919"]
[PlyCount "71"]
[EventDate "2009.??.??"]

1. f4 d5 2. Nf3 Nf6 3. g3 Bf5 4. d3 e6 5. Bg2 Bc5 6. e3 Nc6 7. d4 Be7 8. c3 Qd7
9. O-O Ne4 10. Nbd2 O-O-O 11. Nxe4 Bxe4 12. b4 h5 13. Ne1 Bxg2 14. Kxg2 h4 15.
Nf3 f5 16. Bd2 hxg3 17. hxg3 g5 18. a3 gxf4 19. exf4 Rhg8 20. Be1 Bf6 21. Bf2
Rg4 22. Rh1 Rdg8 23. Qd3 Rxf4 24. Rae1 Re4 25. Rh3 Qg7 26. Rxe4 fxe4 27. Qe3
exf3+ 28. Kxf3 Qg4+ 29. Kg2 e5 30. dxe5 Bxe5 31. b5 Bf4 32. Qf3 Ne5 33. Qxg4+
Rxg4 34. Be1 Rg7 35. Rh8+ Kd7 36. Rh3 1/2-1/2

[Event "8eme Open International de La Fere"]
[Site "La Fere (FRA)"]
[Date "2009.07.06"]
[Round "3.46"]
[White "Vandervorst, Marc"]
[Black "Dernoncourt, Christophe"]
[Result "1-0"]
[WhiteElo "1876"]
[BlackElo "1720"]
[PlyCount "139"]
[EventDate "2009.??.??"]

1. e4 e6 2. d4 d5 3. Nc3 c5 4. exd5 exd5 5. Nf3 Nf6 6. Bg5 Be6 7. Bb5+ Nbd7 8.
O-O a6 9. Bxd7+ Qxd7 10. Re1 Be7 11. dxc5 O-O 12. b4 h6 13. Bf4 b6 14. Ne5 Qc8
15. Na4 Qb7 16. Nxb6 Rad8 17. Qd4 Rfe8 18. a4 Nd7 19. Nexd7 Bxd7 20. Nxd7 Qxd7
21. Qd3 Bf6 22. c3 d4 23. c4 Qb7 24. Bd2 Qc7 25. Rac1 Qc6 26. a5 Rb8 27. Qf3
Qxf3 28. gxf3 Red8 29. Rb1 Rdc8 30. Bf4 Rb7 31. Bd6 Ra7 32. b5 Kh7 33. b6 Rb7
34. Bc7 Rcxc7 35. bxc7 Rxc7 36. Rb6 Rxc5 37. Rxa6 Rxc4 38. Rd6 Ra4 39. a6 Ra2
40. Kf1 d3 41. Rxd3 Rxa6 42. Rd7 Kg6 43. Re4 Ra5 44. Rg4+ Rg5 45. Kg2 Bc3 46.
h4 f5 47. Rg3 Rxg3+ 48. fxg3 Bf6 49. Kh3 Be5 50. Rd5 Bc7 51. g4 f4 52. Rf5 Bd6
53. h5+ Kh7 54. Kg2 Bc7 55. Kf1 Bb8 56. Ke2 g5 57. Rf7+ Kg8 58. Rb7 Be5 59. Kd3
Bg7 60. Ke4 Kh8 61. Kf5 Kh7 62. Rd7 Kh8 63. Kg6 Bf8 64. Rf7 Bg7 65. Rd7 Bf8 66.
Rd8 Kg8 67. Rxf8+ Kxf8 68. Kxh6 Kf7 69. Kxg5 Kg7 70. Kxf4 1-0

[Event "8eme Open International de La Fere"]
[Site "La Fere (FRA)"]
[Date "2009.07.06"]
[Round "3.47"]
[White "Dagnicourt, Francis"]
[Black "Chevance, Gerard"]
[Result "1-0"]
[WhiteElo "1765"]
[BlackElo "1709"]
[PlyCount "69"]
[EventDate "2009.??.??"]

1. d4 d5 2. e4 Nf6 3. f3 dxe4 4. Nc3 Bf5 5. g4 Bg6 6. g5 Nfd7 7. fxe4 e6 8. Nf3
Be7 9. h4 Bh5 10. Bg2 c6 11. O-O Qc7 12. e5 Nb6 13. Qe1 Nd5 14. Qf2 O-O 15. Ne4
Nd7 16. Bd2 a5 17. c4 N5b6 18. Nf6+ gxf6 19. gxf6 Nxf6 20. exf6 Bxf6 21. Ne5
Bxe5 22. dxe5 f5 23. Bh6 Rf7 24. Qf4 Qe7 25. Kh2 Kh8 26. Bf3 Bg4 27. Bxg4 Qxh4+
28. Bh3 Qxf4+ 29. Rxf4 Rd8 30. Rg1 Rfd7 31. Bg7+ Kg8 32. Bh6+ Kh8 33. Rf2 Rd3
34. Rg5 Nxc4 35. Rg7 1-0

[Event "8eme Open International de La Fere"]
[Site "La Fere (FRA)"]
[Date "2009.07.06"]
[Round "3.48"]
[White "Lucas, Bernard"]
[Black "Woyave, Pascal"]
[Result "1-0"]
[WhiteElo "1709"]
[BlackElo "1630"]
[PlyCount "63"]
[EventDate "2009.??.??"]

1. e4 e6 2. d4 d5 3. e5 c5 4. c3 Nc6 5. Nf3 Nge7 6. dxc5 Ng6 7. b4 Ncxe5 8. Be2
Bd7 9. O-O Rc8 10. Be3 b6 11. cxb6 axb6 12. a4 Bd6 13. a5 bxa5 14. bxa5 Ra8 15.
a6 O-O 16. a7 Qc7 17. Qb3 Nxf3+ 18. Bxf3 Bxh2+ 19. Kh1 Ne5 20. Be2 Nc6 21. Nd2
Bd6 22. Bb6 Qb7 23. Ba6 f5 24. Bxb7 Rf6 25. Nf3 Rh6+ 26. Kg1 Ne5 27. Nxe5 Bxe5
28. g3 f4 29. Bxa8 fxg3 30. fxg3 Bxg3 31. Bxd5 Bh2+ 32. Kg2 1-0

[Event "8eme Open International de La Fere"]
[Site "La Fere (FRA)"]
[Date "2009.07.06"]
[Round "3.49"]
[White "Blondel, Francis"]
[Black "Siegfried, Francois"]
[Result "1-0"]
[WhiteElo "1616"]
[BlackElo "1360"]
[PlyCount "113"]
[EventDate "2009.??.??"]

1. d4 d5 2. c4 c6 3. cxd5 cxd5 4. Nc3 e6 5. Bf4 Bb4 6. Rc1 Nf6 7. e3 O-O 8. Bd3
Qa5 9. Qb3 Bd7 10. a3 Bxc3+ 11. Rxc3 Rc8 12. Ne2 Qb6 13. Qxb6 axb6 14. Rxc8+
Bxc8 15. O-O Nc6 16. Nc3 Bd7 17. Bc7 Na5 18. Bxb6 Nb3 19. f3 Be8 20. e4 Nd7 21.
Bc7 Nxd4 22. exd5 Nc5 23. Bb1 Ncb3 24. Rd1 b5 25. Be5 Nf5 26. Bxf5 exf5 27. d6
Nc5 28. Nd5 f6 29. Bg3 Nd7 30. Ne7+ Kf7 31. Nxf5 Rc8 32. Re1 Rd8 33. Re7+ Kg6
34. Nxg7 Bf7 35. Ne6 Bxe6 36. Rxe6 Kf7 37. Re3 Kg6 38. Be1 Ne5 39. Bb4 Nc4 40.
Re2 Nxd6 41. Rd2 Rc8 42. Rxd6 Rc1+ 43. Kf2 Rc2+ 44. Rd2 Rc6 45. g4 Rc1 46. f4
Rc4 47. Kg3 Re4 48. f5+ Kf7 49. Rd7+ Kg8 50. Kh4 Re2 51. Rd8+ Kf7 52. Rd2 Re4
53. h3 h6 54. Rd7+ Kg8 55. Bc3 Re8 56. Bxf6 Rc8 57. Kh5 1-0

[Event "8eme Open International de La Fere"]
[Site "La Fere (FRA)"]
[Date "2009.07.06"]
[Round "3.50"]
[White "Laufer, Maurice"]
[Black "Biellmann, Patrick"]
[Result "1-0"]
[WhiteElo "1547"]
[BlackElo "1310"]
[PlyCount "140"]
[EventDate "2009.??.??"]

1. f4 d5 2. Nf3 f6 3. e3 Bg4 4. Be2 Bxf3 5. Bxf3 f5 6. O-O Nf6 7. d3 Nc6 8. b3
e6 9. Bb2 Be7 10. Kh1 O-O 11. Nd2 Rb8 12. c4 Nb4 13. Be2 c5 14. a3 Nc6 15. Rf3
Qc7 16. d4 b6 17. Rh3 Ng4 18. Bxg4 fxg4 19. Qxg4 Bf6 20. Qxe6+ Rf7 21. Qxd5 Rd8
22. Qf3 cxd4 23. Ne4 Be7 24. Rd1 Bc5 25. b4 Be7 26. Bxd4 Nxd4 27. Rxd4 Rxd4 28.
exd4 Qxc4 29. Qd1 Rxf4 30. Ng3 Rxd4 31. Qb1 g6 32. Nf1 Bg5 33. Ne3 Qe6 34. Nf1
Qe2 35. Rf3 Rg4 36. Qb3+ Rc4 37. h3 Kg7 38. Ng3 Qe6 39. Qb2+ Kh6 40. Qf2 Rc1+
41. Nf1 Kh5 42. h4 Qc4 43. hxg5 Qh4+ 44. Kg1 Qxf2+ 45. Kxf2 Kxg5 46. Rg3+ Kh4
47. Rh3+ Kg5 48. Rxh7 Kg4 49. Ne3+ Kf4 50. g3+ Ke4 51. Re7+ Kd3 52. Rxa7 b5 53.
Rd7+ Ke4 54. Rd5 Ra1 55. Rxb5 Rxa3 56. Nc4 g5 57. Nd2+ Kd3 58. Rd5+ Kc3 59.
Nb1+ Kxb4 60. Nxa3 Kxa3 61. Ke3 Kb3 62. Kd3 Kb4 63. Rxg5 Kb3 64. Kd4 Kb2 65.
Rc5 Kb1 66. Kc4 Kb2 67. Kd3 Kb1 68. Rc2 Ka1 69. Kc3 Kb1 70. Rb2+ Ka1 1-0

[Event "8eme Open International de La Fere"]
[Site "La Fere (FRA)"]
[Date "2009.07.06"]
[Round "3.51"]
[White "Duquenne, Eddy"]
[Black "Rech, Thomas"]
[Result "1-0"]
[WhiteElo "1499"]
[BlackElo "1290"]
[PlyCount "47"]
[EventDate "2009.??.??"]

1. d4 d5 2. c4 dxc4 3. Nc3 Nf6 4. Nf3 Bf5 5. e3 e6 6. Bxc4 Bd6 7. O-O a6 8. Re1
O-O 9. e4 b5 10. Bb3 Bb4 11. exf5 Bxc3 12. bxc3 exf5 13. Ba3 Re8 14. Rxe8+ Qxe8
15. Ne5 Kh8 16. Nxf7+ Qxf7 17. Bxf7 Nbd7 18. Be7 Ne4 19. f3 Nxc3 20. Qc2 b4 21.
Bxb4 Nb5 22. Qc6 Nb6 23. Re1 h6 24. Re8+ 1-0

[Event "8eme Open International de La Fere"]
[Site "La Fere (FRA)"]
[Date "2009.07.06"]
[Round "3.52"]
[White "Neumair, Dorian"]
[Black "Nesztler, Lambert"]
[Result "1-0"]
[WhiteElo "1196"]
[BlackElo "1499"]
[PlyCount "50"]
[EventDate "2009.??.??"]

1. e4 e6 2. d4 d5 3. exd5 Qxd5 4. Nc3 Qd8 5. Nf3 h6 6. Bc4 Bb4 7. Bd2 Nc6 8.
Ne2 Nf6 9. O-O Qd6 10. a3 Bxd2 11. Qxd2 e5 12. d5 Bg4 13. dxc6 Qxd2 14. Nxd2
Bxe2 15. Bxe2 b6 16. Rad1 O-O 17. Rfe1 Rad8 18. Nf3 e4 19. Ne5 Rxd1 20. Rxd1
Re8 21. Nd7 Re6 22. Bc4 Rxc6 23. Nxf6+ gxf6 24. Bb3 Rd6 25. Rxd6 cxd6 1-0

[Event "8eme Open International de La Fere"]
[Site "La Fere (FRA)"]
[Date "2009.07.06"]
[Round "3.53"]
[White "Wells, Pierre-Alexandre"]
[Black "Brugge, Rodolphe"]
[Result "1-0"]
[WhiteElo "1499"]
[BlackElo "1220"]
[PlyCount "87"]
[EventDate "2009.??.??"]

1. e4 e5 2. Nf3 Nc6 3. Bb5 Nf6 4. O-O Bc5 5. c3 O-O 6. d4 exd4 7. cxd4 Bb4 8.
a3 a6 9. Bxc6 bxc6 10. axb4 Nxe4 11. Nc3 d5 12. Ne5 Qd6 13. Nxe4 dxe4 14. b3
Bb7 15. Bb2 Qxb4 16. Ba3 Qc3 17. Bxf8 Rxf8 18. Rc1 Qb4 19. Rc4 Qd6 20. Qd2 Rd8
21. Qb4 Qxb4 22. Rxb4 Ba8 23. Ra1 c5 24. dxc5 a5 25. Rc4 f6 26. Ng4 f5 27. Ne3
Rd3 28. b4 f4 29. Nc2 Rd2 30. bxa5 Bd5 31. Rd4 Rxc2 32. Rxd5 e3 33. fxe3 fxe3
34. a6 e2 35. Re5 Kf7 36. a7 Kf6 37. Rxe2 Rxe2 38. a8=Q g5 39. Qf3+ Kg6 40.
Qxe2 c6 41. Qf3 h5 42. Rf1 g4 43. Qxc6+ Kg5 44. Qf6# 1-0